| 000 | 00516nam a2200193 a 4500 | ||
|---|---|---|---|
| 001 | 13503 | ||
| 003 | CO-ViMGA | ||
| 008 | 141112s2004 ck r 000 u spa d | ||
| 020 | _a8420483524 | ||
| 040 |
_aCO-ViMGA _bspa _cCO-ViMGA |
||
| 082 | 0 | 4 | _a864 S181d |
| 100 | 1 | _aSavater, Fernando | |
| 245 | 1 | 0 | _aDespierta y lee |
| 260 |
_aSantafé de Bogotá : _bAlfaguara, _c1998 |
||
| 300 | _a359 | ||
| 650 | 1 | 4 |
_aENSAYOS ESPAÑOLES _92877 |
| 650 | 1 | 4 |
_aSAVATER FERNANDO - CRITICA E INTERPRETACION _919677 |
| 942 |
_2ddc _cBK |
||
| 999 |
_c24230 _d24230 |
||